| 000 | 01222nam a2200349 a 4500 | ||
|---|---|---|---|
| 001 | 000007022 | ||
| 003 | DO-SdBNP | ||
| 005 | 20171103110453.0 | ||
| 007 | 000007022 | ||
| 008 | 090904s20052007dr a 000 0 spa d | ||
| 020 | _a9789945161007 | ||
| 040 |
_aBPMSU _bspa _cBPMSU |
||
| 092 |
_aCu868.44 _bB422c |
||
| 100 | 1 |
_aBeiro Álvarez, Luis, _d1989- |
|
| 245 | 1 | 0 |
_aCola de León / _cLuis Beiro Álvarez ; prólogo, selección y edición Carlos X. Ardavín. |
| 260 |
_aSan Juan, Puerto Rico : _aSanto Domingo : _bBúho _c2007 |
||
| 300 |
_a145 p. : _bil. ; _c20 cm. |
||
| 500 | _aIncluye datos biográficos del autor en la solapa de la cubierta. | ||
| 650 | 4 | _aENSAYOS CUBANOS | |
| 650 | 4 | _aLITERATURA CUBANA | |
| 650 | 4 | _aARTÍCULOS DE PRENSA | |
| 650 | 4 |
_aDIARIOS DOMINICANOS _xSECCIONES, COLUMNAS, ETC. |
|
| 700 | 1 | 2 |
_aArdavin, Carlos X., _epról. |
| 730 | 0 | _aListín diario (República Dominicana) | |
| 910 | _aValidado. Control de calidad MFF | ||
| 942 |
_2ddc _cBK |
||
| 945 | _aInventariado, 2017/MFF | ||
| 956 |
_aIGARCIA _b10 _c20090915 _lBND01 _h1113 |
||
| 956 |
_aMFILETO _b40 _c20140617 _lBND01 _h1409 |
||
| 956 |
_aVMATEO _b10 _c20150811 _lBPMSU _h00151 |
||
| 956 |
_aVMATEO _b10 _c20150811 _lBPMSU _h00151 |
||
| 999 |
_c8176 _d8176 |
||